[Event "North American-ch U14"]
[Site "Montreal"]
[Date "2010.08.18"]
[Round "6"]
[White "Yu, Benoit"]
[Black "Mikerlange, Roseme"]
[Result "1-0"]
[WhiteElo "698"]
[BlackElo "650"]
[PlyCount "157"]
[EventDate "2010.08.16"]
[EventType "swiss"]
[EventRounds "7"]
[EventCountry "CAN"]
[SourceTitle "EXT 2013"]
[Source "ChessBase"]
[SourceDate "2012.11.22"]
[SourceVersion "1"]
[SourceVersionDate "2012.11.22"]
[SourceQuality "1"]

1. Nf3 e6 2. g3 Bd6 3. Bg2 Nf6 4. d4 Bb4+ 5. Bd2 Nc6 6. 0-0 0-0 7. Bxb4 Nxb4 8. c3 Nbd5 9. Nbd2 d6 10. e4 Nb6 11. a4 d5 12. Re1 Bd7 13. e5 Nh5 14. a5 Nc4 15. Nxc4 dxc4 16. Qb1 h6 17. Nd2 Bb5 18. Nf3 Bc6 19. Qa2 Bd5 20. Qb1 f6 21. Qd1 b6 22. axb6 cxb6 23. Rb1 Rf7 24. Nd2 Bxg2 25. Kxg2 Qd5+ 26. Qf3 Qxf3+ 27. Nxf3 b5 28. Ra1 a6 29. Rab1 a5 30. Nd2 Raa7 31. Ne4 f5 32. Nd6 Rf8 33. Nxb5 Raa8 34. Nc7 Rac8 35. Nxe6 Rfe8 36. Nc5 f4 37. Kf3 fxg3 38. fxg3 Rf8+ 39. Ke3 Rf7 40. Rf1 Rff8 41. Rxf8+ Rxf8 42. Nb7 Ra8 43. Ra1 Rb8 44. Nxa5 Rxb2 45. Rc1 Rxh2 46. Nxc4 Nxg3 47. Rg1 Nf5+ 48. Kf3 Rc2 49. Ke4 Rxc3 50. Kxf5 Rxc4 51. Ke4 Rc2 52. d5 Re2+ 53. Kf5 Kh7 54. Rd1 g6+ 55. Kf6 Rf2+ 56. Ke7 Re2 57. Ke6 h5 58. d6 Rb2 59. d7 Rb6+ 60. Kd5 Rb8 61. Kc6 h4 62. d8Q Rxd8 63. Rxd8 h3 64. e6 h2 65. Rd1 Kg7 66. Kd7 Kf6 67. e7 g5 68. Rh1 Kf5 69. e8Q g4 70. Rxh2 g3 71. Rg2 Kg4 72. Rxg3+ Kxg3 73. Qe4 Kh3 74. Qg6 Kh4 75. Ke6 Kh3 76. Kf5 Kh2 77. Kf4 Kh1 78. Kf3 Kh2 79. Qg2# 1-0